| 000 | 01959nam a22003735a 4500 | ||
|---|---|---|---|
| 003 | OSt | ||
| 005 | 20170118110417.0 | ||
| 008 | 161120s2015 ua frb 000 0 ara d | ||
| 015 | _a2015/3070 | ||
| 020 | _a9789770477496 | ||
| 040 |
_aEG-ScBUE _bara _cEG-ScBUE |
||
| 043 |
_af-ua--- _ama----- _ae-fr--- _an-us--- _ae-uk-en |
||
| 082 | 0 | 4 |
_a345.0253 _bس ي د _222 |
| 100 | 1 | _aسيد، محمد نور الدين. | |
| 245 | 1 | 0 |
_aتكييف المسئولية الجنائية عن فعل مواقعة الزوجة بالإكراه : _bالاغتصاب الزوجي : دراسة في الفقه الإسلامي والقانون الوضعي / _cمحمد نور الدين سيد. |
| 260 |
_aالقاهرة : _bدار النهضة العربية، _c2015. |
||
| 300 |
_a175 ص. ؛ _c24 سم. |
||
| 504 | _aببليوجرافيا : 161-167. | ||
| 650 | 7 |
_aالزواج _xقوانين وتشريعات _zمصر. _2BUEsh |
|
| 650 | 7 |
_aالزواج _xقوانين وتشريعات _zالبلاد العربية. _2BUEsh |
|
| 650 | 7 |
_aالزواج _xقوانين وتشريعات _zفرنسا. _2BUEsh |
|
| 650 | 7 |
_aالزواج _xقوانين وتشريعات _zالولايات المتحدة الأمريكية. _2BUEsh |
|
| 650 | 7 |
_aالزواج _xقوانين وتشريعات _zانجلترا. _2BUEsh |
|
| 650 | 7 |
_aالاغتصاب _xقوانين وتشريعات _zمصر. _2BUEsh |
|
| 650 | 7 |
_aالاغتصاب _xقوانين وتشريعات _zالولايات المتحدة الأمريكية. _2BUEsh |
|
| 650 | 7 |
_aالاغتصاب _xقوانين وتشريعات _zفرنسا. _2BUEsh |
|
| 650 | 7 |
_aالاغتصاب _xقوانين وتشريعات _zانجلترا. _2BUEsh |
|
| 650 | 7 |
_aالزواج (فقه إسلامي) _2BUEsh |
|
| 650 |
_aالاغتصاب (فقه إسلامي) _2BUEsh |
||
| 650 |
_aالمسئولية الجنائية (فقه إسلامي) _2BUEsh |
||
| 651 | _2BUEsh | ||
| 653 |
_bLLAAWW _cNovember2016 _cJanuary2017 |
||
| 942 | _2ddc | ||
| 999 |
_c23206 _d23178 |
||